[Event "Karaganda Akim Cup (Women)"]
[Site "Karaganda"]
[Date "2024.09.01"]
[Round "6"]
[White "Danielian, Elina"]
[Black "Balabayeva, Kseniya"]
[Result "1-0"]
[WhiteElo "2393"]
[BlackElo "2335"]
[PlyCount "112"]
[EventDate "2024.08.27"]
[EventType "tourn"]
[EventRounds "9"]
[EventCountry "KAZ"]
[EventCategory "3"]
[SourceTitle "EXT 2025"]
[Source "ChessBase"]
[SourceDate "2024.10.14"]
[SourceVersion "1"]
[SourceVersionDate "2024.10.14"]
[SourceQuality "1"]

1. d4 d5 2. c4 e6 3. Nc3 Nf6 4. cxd5 exd5 5. Bg5 Be7 6. e3 c6 7. Bd3 Nbd7 8. Nge2 Nh5 9. Bxe7 Qxe7 10. Qd2 Nb6 11. 0-0 0-0 12. f3 f5 13. Rae1 Bd7 14. b3 Rae8 15. Nd1 g5 16. Bb1 Qg7 17. f4 g4 18. Nb2 Nf6 19. Nd3 Ne4 20. Qa5 Nc8 21. Rc1 Be6 22. Ne5 Ned6 23. a4 Rf6 24. Bd3 Rh6 25. Rfd1 Qe7 26. Qe1 Ne4 27. b4 Ncd6 28. b5 cxb5 29. axb5 Kh8 30. Rc2 Rg8 31. g3 Rh3 32. Nc3 h5 33. Bf1 h4 34. Nxe4 Nxe4 35. Bxh3 gxh3 36. Qf1 Qh7 37. Qxh3 Qh5 38. Re1 Nxg3 39. Rg2 Ne4 40. Rxg8+ Kxg8 41. Qg2+ Kf8 42. Qg6 Qxg6+ 43. Nxg6+ Kg7 44. Nxh4 Nc3 45. b6 axb6 46. Kf2 b5 47. Rg1+ Kf7 48. Ke1 b4 49. Kd2 Bd7 50. Nf3 Ne4+ 51. Kc1 Ba4 52. Ne5+ Kf8 53. Nd3 Nc3 54. Re1 b3 55. Kb2 Ne4 56. Nc5 Nc3 1-0

[Event "Karaganda Akim Cup (Women)"]
[Site "Karaganda"]
[Date "2024.08.31"]
[Round "5"]
[White "Balabayeva, Kseniya"]
[Black "Kairbekova, Amina"]
[Result "1/2-1/2"]
[WhiteElo "2335"]
[BlackElo "2247"]
[PlyCount "107"]
[EventDate "2024.08.27"]
[EventType "tourn"]
[EventRounds "9"]
[EventCountry "KAZ"]
[EventCategory "3"]
[SourceTitle "EXT 2025"]
[Source "ChessBase"]
[SourceDate "2024.10.14"]
[SourceVersion "1"]
[SourceVersionDate "2024.10.14"]
[SourceQuality "1"]

1. d4 Nf6 2. Bf4 g6 3. e3 Bg7 4. Nf3 d6 5. h3 0-0 6. Be2 Nc6 7. Nc3 Qe8 8. 0-0 e5 9. Bg5 h6 10. Bh4 e4 11. Nd2 g5 12. Bg3 Bf5 13. Bc4 Bg6 14. Kh1 Qd7 15. Nd5 Nxd5 16. Bxd5 Rae8 17. c3 Kh8 18. f4 exf3 19. Qxf3 f5 20. Rae1 Nd8 21. h4 Bf6 22. Bb3 Re7 23. Bc2 Bg7 24. Bh2 Qe8 25. hxg5 Qb5 26. gxh6 Bxh6 27. b4 Qe8 28. Bb3 Bxe3 29. Nc4 Bh6 30. Rxe7 Qxe7 31. Bf4 Bxf4 32. Qxf4 Kg7 33. Ne3 Ne6 34. Bxe6 Qxe6 35. a4 Qf7 36. Rf3 Rh8+ 37. Kg1 Rh5 38. d5 Qe8 39. Qd4+ Qe5 40. Rf4 Qxd4 41. Rxd4 Kf6 42. Nc4 Be8 43. b5 Rh7 44. Rf4 Kg5 45. g3 Re7 46. Kf2 Rh7 47. Ne3 Bg6 48. Rc4 Re7 49. Ng2 Bf7 50. Nf4 b6 51. Rd4 Re5 52. Rc4 Re7 53. Rd4 Re5 54. c4 1/2-1/2

[Event "Karaganda Akim Cup (Women)"]
[Site "Karaganda"]
[Date "2024.08.30"]
[Round "4"]
[White "Kaldarova, Ayaulym"]
[Black "Balabayeva, Kseniya"]
[Result "0-1"]
[WhiteElo "2231"]
[BlackElo "2335"]
[PlyCount "114"]
[EventDate "2024.08.27"]
[EventType "tourn"]
[EventRounds "9"]
[EventCountry "KAZ"]
[EventCategory "3"]
[SourceTitle "EXT 2025"]
[Source "ChessBase"]
[SourceDate "2024.10.14"]
[SourceVersion "1"]
[SourceVersionDate "2024.10.14"]
[SourceQuality "1"]

1. Nf3 d5 2. g3 Nf6 3. Bg2 e6 4. c4 Be7 5. 0-0 0-0 6. b3 c5 7. cxd5 exd5 8. d4 Ne4 9. Bb2 Bf6 10. Qc1 Nc6 11. dxc5 Bxb2 12. Qxb2 Nxc5 13. Rd1 Be6 14. Na3 Qb6 15. Nd4 Na4 16. Qd2 Qxd4 17. Qxd4 Nxd4 18. Rxd4 Nc3 19. Rd2 Bf5 20. Nc2 Bxc2 21. Rxc2 Rac8 22. Kf1 Rc6 23. Rd2 Rd8 24. Ke1 Kf8 25. Rd3 b5 26. a3 a5 27. Rc1 b4 28. axb4 axb4 29. Bxd5 Rh6 30. Bf3 Rxd3 31. exd3 Ra6 32. Kd2 Ra3 33. Bd1 Nxd1 34. Kxd1 Rxb3 35. Kd2 Ke7 36. Rc7+ Ke6 37. Rb7 Rb2+ 38. Ke3 b3 39. h4 Rb1 40. Rb5 h5 41. Ke2 b2 42. Kf3 f6 43. Ke2 Kd6 44. Rb7 g5 45. Rb5 g4 46. Rb8 f5 47. Rb6+ Kc7 48. Rb3 f4 49. gxf4 g3 50. fxg3 Rh1 51. Rxb2 Rh2+ 52. Kf3 Rxb2 53. g4 hxg4+ 54. Kxg4 Kd6 55. h5 Ke6 56. Kg5 Kf7 57. d4 Rb5+ 0-1

[Event "Karaganda Akim Cup (Women)"]
[Site "Karaganda"]
[Date "2024.08.29"]
[Round "3"]
[White "Balabayeva, Kseniya"]
[Black "Kurmangaliyeva, Liya"]
[Result "1/2-1/2"]
[WhiteElo "2335"]
[BlackElo "2220"]
[PlyCount "104"]
[EventDate "2024.08.27"]
[EventType "tourn"]
[EventRounds "9"]
[EventCountry "KAZ"]
[EventCategory "3"]
[SourceTitle "EXT 2025"]
[Source "ChessBase"]
[SourceDate "2024.10.14"]
[SourceVersion "1"]
[SourceVersionDate "2024.10.14"]
[SourceQuality "1"]

1. e4 c5 2. Nf3 Nc6 3. Bb5 Nf6 4. Nc3 g6 5. e5 Nh5 6. d3 Ng7 7. 0-0 Ne6 8. Re1 Bg7 9. Bxc6 dxc6 10. Ng5 h6 11. Nxe6 Bxe6 12. Bf4 Qd7 13. Ne4 b6 14. Qd2 a5 15. h4 a4 16. b4 cxb4 17. Qxb4 Ra6 18. Qd2 Kf8 19. a3 Kg8 20. Re3 c5 21. Rae1 Kh7 22. Rg3 Bf5 23. h5 Qe6 24. hxg6+ fxg6 25. Rge3 Rf8 26. Bh2 Raa8 27. Ng3 Qa2 28. Nxf5 Rxf5 29. Qc3 e6 30. Re4 Qd5 31. Rb1 Ra6 32. Qc4 Qxc4 33. dxc4 Rf7 34. Rd1 Bf8 35. Rd8 Raa7 36. Rf4 Kg7 37. Kf1 g5 38. Rxf7+ Kxf7 39. Ke2 Be7 40. Rb8 Rd7 41. c3 Bd8 42. Ra8 h5 43. f3 h4 44. Rxa4 Kg6 45. Ra8 Kf5 46. g4+ hxg3 47. Bxg3 g4 48. fxg4+ Kxg4 49. Bf2 Kf4 50. a4 Kxe5 51. a5 bxa5 52. Bxc5 Ke4 1/2-1/2